[Event "28th WSCC Open 50 2018"]
[Site "Bled"]
[Date "2018.11.23"]
[Round "6"]
[White "Porper, Edward"]
[Black "Mannion, Stephen R"]
[Result "1/2-1/2"]
[WhiteElo "2377"]
[BlackElo "2286"]
[Annotator "TA"]
[PlyCount "50"]
[EventDate "2018.11.17"]
[EventType "swiss"]
[EventCountry "SLO"]
[SourceTitle "playchess.com"]
[Source "ChessBase"]
[SourceQuality "1"]

{[%evp 21,50,33,47,-3,12,8,20,8,31,37,30,0,0,0,3,-12,202,218,211,199,213,97,86,0,0,0,0,-103,4,-38,-36]} 1. Nf3 d5 2. g3 Nf6 3. Bg2 c6 4. O-O Bf5 5. c4 e6 6. cxd5 exd5 7. d3 h6 8. Qb3 {A11: English Opening: 1...c6} Qb6 9. Qc2 Be7 10. Nc3 O-O 11. e4 Bh7 {LiveBook: 37 Games} 12. Qe2 Re8 $146 ({Predecessor:} 12... dxe4 13. dxe4 Qa6 14. Qe3 Qb6 15. e5 Qxe3 16. Bxe3 Nfd7 17. Rad1 Nc5 18. Rd2 Nbd7 19. Rfd1 {½-½ (19) Mchedlishvili,M (2625)-Postny,E (2577) Copenhagen 2010}) 13. e5 Nfd7 $1 {[%cal Bf6d7,Bd7f8,Bf8e6][%mdl 32]} 14. d4 Nf8 15. Be3 Ne6 16. Qd2 Nd7 17. Bh3 Rad8 18. Rac1 Be4 $2 {[#]} (18... Qa6 $11 {and Black stays safe.}) 19. Nxe4 $18 dxe4 20. d5 Ndc5 21. d6 (21. Bxe6 $1 $18 {Strongly threatening d6.} exf3 22. b4) 21... exf3 $16 {[#]} 22. Bxe6 ({Better is} 22. b4 $1 $16 {And now Bxe6 would win.} Bg5 23. bxc5 Nxc5 24. Bxg5 (24. Rxc5 $2 Qxc5 25. Bxc5 Bxd2 $19) 24... hxg5 25. Rfe1) 22... Bg5 $1 $36 {[%mdl 2048] Black has some pressure.} 23. Bxg5 hxg5 24. Bg4 (24. Bc4 $1 $11 {keeps the balance.}) 24... Rxe5 (24... Ne4 $17 25. Qe1 Rxe5 26. Bxf3 Qxb2 27. Bxe4 Qd4 {[%mdl 64] Double Attack}) 25. Bxf3 Ne6 {Accuracy: White = 41%, Black = 39%.} 1/2-1/2

[Event "28th WSCC Open 50 2018"]
[Site "Bled"]
[Date "2018.11.23"]
[Round "6"]
[White "Berend, Fred"]
[Black "Mukanov, Saltanat"]
[Result "1-0"]
[WhiteElo "2369"]
[BlackElo "2250"]
[Annotator "TA"]
[PlyCount "193"]
[EventDate "2018.11.17"]
[EventType "swiss"]
[EventCountry "SLO"]
[SourceTitle "playchess.com"]
[Source "ChessBase"]
[SourceQuality "1"]

{[%evp 15,193,27,33,33,36,33,31,21,28,32,103,106,103,101,108,101,104,90,187,195,184,154,247,256,274,274,255,234,247,241,232,206,253,246,272,279,330,330,335,329,336,335,343,327,330,300,301,306,306,278,290,305,289,290,349,287,342,287,356,295,320,287,320,294,335,327,335,328,327,310,328,308,318,311,333,333,335,299,299,294,295,291,284,266,308,292,359,386,360,358,384,327,339,291,287,269,287,244,279,266,349,349,364,295,301,308,301,301,301,290,313,294,308,278,270,266,277,227,268,227,241,228,194,13,254,27,22,0,0,0,0,0,0,0,0,0,0,0,10,17,259,243,260,225,348,260,345,343,341,295,317,275,377,371,373,374,323,368,381,347,322,287,1233,1225,29973,706,500,506,29974,29976,29981,29982,29981,29983,29983,29983,29983,29984,29983,29984]} 1. d4 Nf6 2. Nf3 g6 3. c4 Bg7 4. Nc3 O-O 5. e4 d6 6. Be2 Bg4 7. Be3 Nfd7 8. Rc1 a5 {LiveBook: 4 Games. E91: King's Indian: Classical: 6 Be2, unusual replies including 6...c5 and 6...Bg4} 9. Qd2 $146 ({Predecessor:} 9. O-O Na6 10. h3 Bxf3 11. Bxf3 e5 12. d5 f5 13. exf5 gxf5 14. Be2 Nac5 15. Qd2 Nf6 16. Qc2 Qd7 17. f4 exf4 18. Bxf4 Nfe4 19. Nxe4 Nxe4 20. Rce1 Bd4+ {½-½ (40) Usmanov,V (2477)-Turov,M (2600) Yaroslavl 2018}) 9... Bxf3 10. Bxf3 e5 {White is slightly better.} 11. O-O Nc6 {[%cal Re5d4]} 12. d5 Ncb8 (12... Nd4 $14) 13. Bd1 $16 {[%cal Bf3d1,Bd1c2,Bc2f5][%mdl 32]} Na6 14. f3 Nb6 15. b3 Nc5 16. Bc2 f5 (16... Bf6 $16) 17. exf5 $18 gxf5 18. Kh1 Rf7 (18... Nbd7 $16 19. g3 Qe8) 19. g4 f4 20. Bxc5 dxc5 21. Bf5 Kh8 22. Ne4 Bf8 23. Qf2 Qe7 24. Rcd1 Nc8 25. Be6 b6 26. Bxf7 Qxf7 27. Ng5 Qf6 28. h4 Bd6 29. Kg2 Ne7 30. Rh1 Qg6 31. Kh3 Ng8 32. Ne4 Nf6 33. Nxf6 Qxf6 34. Qc2 Rf8 35. Qe4 Kg7 36. Rh2 Qg6 37. Qe2 Kg8 38. Rg1 Kg7 39. Re1 Kg8 40. Qe4 Qg7 41. Rg2 Qd7 42. Ree2 Rf7 43. Qb1 Kf8 44. Qe1 Re7 45. Re4 Qe8 46. Kh2 {[%cal Bh3h2,Bh2g1,Bg1f1,Bf1e2][%mdl 32]} Qf7 47. Kg1 Qf6 48. Kf1 Ke8 49. Ke2 Kd8 50. Qh1 Kc8 51. Qh3 {Hoping for g5+.} Kb7 52. g5 Qf8 53. Kf1 a4 54. Rb2 Qa8 55. Qg2 Rg7 56. Re1 Qe8 57. Qg4 Qg6 58. Re4 Qe8 59. Rbe2 Qa8 60. bxa4 Qxa4 61. Kg2 Qd1 62. Kh2 Rg8 63. Qg2 ({Don't take} 63. Qd7 $6 Qf1 $18) 63... Ra8 64. Rd2 Qc1 65. Kh3 Ra3 66. Kg4 Qc3 67. Rc2 Qa5 68. h5 Qa8 69. Rce2 $2 (69. Kh3 $18) 69... Qc8+ $1 $11 70. Kh4 {Threatens to win with Qg4.} h6 $1 71. Rxe5 Bxe5 72. Rxe5 Re3 $1 {[%cal Re3e5]} 73. Rxe3 fxe3 74. gxh6 {[%mdl 4096] Endgame Black must now prevent Qg6. KQ-KQ} Qf5 75. h7 Qxh7 76. f4 Qe7+ (76... Qd3 $5 77. d6+ $8 Kb8 78. Qg8+ Kb7 79. Qg2+ Kb8 80. Qg8+ Kb7 81. dxc7 Kxc7 82. Qf7+ Kc8 $11) 77. Kg3 {Intending d6+ and mate.} Qg7+ $2 (77... Kb8 $11 78. Qe2 Qe4) 78. Kf3 $18 Qd4 79. Qe2 b5 (79... Ka7 $142 80. Qc2 (80. Qxe3 Qxc4 81. Qe6 Qd3+ 82. Kg4 c4 $18) 80... Qh8) 80. cxb5 c4 81. Qxe3 Qd1+ 82. Qe2 Qh1+ 83. Ke3 Qc1+ 84. Ke4 c3 {[#]} 85. Kd3 $1 Qxf4 86. Kxc3 Qc1+ 87. Kb3 Qb1+ 88. Ka4 Qf5 $2 (88... Qc1 89. d6 Qf4+ 90. Ka5 Qxd6 91. Qe4+ Kb8 92. Qe8+ Ka7 93. Qe3+ Kb7) 89. Qc4 Qxh5 90. Ka5 (90. Qc6+ $142 Kb8 91. Ka5 Qh3 92. a4 Qe3 93. b6 Qd2+ 94. Ka6 Qd3+ 95. Qb5) 90... Qh2 91. Qc6+ Kb8 (91... Ka7 $18 92. b6+ cxb6+ 93. Qxb6+ Ka8 94. Qc6+ Ka7 95. Qc5+ Ka8) 92. a4 {White mates.} Qf2 93. b6 Qd2+ 94. Ka6 {[%cal Rc6e8]} Qe2+ {[#]} 95. Qb5 $1 Qe4 96. bxc7+ Kxc7 97. Qc6+ {Accuracy: White = 68%, Black = 37%.} 1-0

[Event "28th WSCC Open 50 2018"]
[Site "Bled"]
[Date "2018.11.23"]
[Round "6"]
[White "Cummings, David H."]
[Black "Chapman, Terry P D"]
[Result "1-0"]
[WhiteElo "2331"]
[BlackElo "2172"]
[Annotator "TA"]
[PlyCount "101"]
[EventDate "2018.11.17"]
[EventType "swiss"]
[EventCountry "SLO"]
[SourceTitle "playchess.com"]
[Source "ChessBase"]
[SourceQuality "1"]

{[%evp 16,101,26,37,57,42,39,34,43,34,66,38,51,18,58,60,80,4,12,22,23,27,35,14,29,22,86,98,78,61,66,54,134,137,127,129,137,129,138,137,141,139,142,139,138,138,138,134,158,156,185,163,184,135,176,162,196,193,191,195,208,203,227,224,234,240,219,0,332,317,331,322,310,282,426,424,426,427,410,403,748,681,792,763,741,520,695,695]} 1. Nf3 d6 2. d4 g6 3. c4 Bg7 4. e4 Bg4 5. Be2 Nc6 6. Nbd2 e5 7. d5 {A41: 1 d4 d6: Tartakower System and Modern Defence} Nce7 8. h3 Bd7 9. c5 {LiveBook: 3 Games. White has an edge.} Nf6 (9... dxc5 10. Nc4 f6 11. d6 Nc8 12. Be3 b6 13. O-O Bc6 14. dxc7 Qxc7 {1-0 (25) So,W (2773)-Kasparov,G (2812) Saint Louis 2016}) 10. cxd6 cxd6 11. a4 $146 ({Predecessor:} 11. O-O Nh5 12. Nc4 Nc8 13. a4 h6 14. Re1 O-O {½-½ (27) Calistri,T (2300)-Okhotnik,V (2454) Sables d'Olonne 2016}) 11... O-O 12. O-O h6 13. Re1 Ne8 14. Qb3 Bc8 15. Nc4 Kh7 16. Bd2 ({Better is} 16. Nh2 $16) 16... f5 $11 17. Bd3 fxe4 18. Bxe4 Nf6 19. Bb4 $36 {[%mdl 2048] White has some pressure.} Nxe4 20. Rxe4 Bf5 (20... Rf6 $1 $11) 21. Ree1 $16 Rf6 22. Rad1 {Threatens to win with g4.} Rc8 23. Rd2 Qc7 {[#]} (23... Ng8 $14) 24. Ncxe5 $1 {[%mdl 512]} Nxd5 (24... dxe5 25. d6) 25. Qxd5 dxe5 26. Bd6 ({Reject} 26. Qxe5 $6 Re6 $11) 26... Qf7 {White should prevent ...Qxd5.} 27. Bxe5 Qxd5 28. Rxd5 Rf7 29. Bxg7 Kxg7 30. Nd4 Bd7 31. a5 Rc4 32. b3 Rc3 33. Rd6 Kh7 34. Re3 Rc1+ 35. Kh2 Rd1 36. f3 Rd2 37. Kg3 a6 38. h4 Ra2 39. Re5 Rd2 40. Nf5 Rb2 41. Nd4 $2 (41. Re7 $18 Rxe7 42. Nxe7) 41... Ra2 $2 {[%mdl 8192]} (41... Rd2 $11 {and Black is okay.}) 42. Red5 $18 Be8 43. Re6 Bd7 44. Rb6 Bf5 (44... Be8 $142 45. Rd8 Re7) 45. Nxf5 gxf5 {[%mdl 4096] Endgame KRR-KRR} 46. Kf4 Rxg2 47. Rdd6 Rb2 (47... h5 $142 48. Rh6+ {[%mdl 64] Double Attack} Kg8 49. Rxh5 Rh2) 48. Rxh6+ {White is clearly winning.} Kg7 49. Rbg6+ Kf8 50. Rh8+ Ke7 51. Rb6 {Accuracy: White = 80%, Black = 28%.} 1-0

[Event "28th WSCC Open 50 2018"]
[Site "Bled"]
[Date "2018.11.23"]
[Round "6"]
[White "Metz, Hartmut"]
[Black "Biro, Sandor"]
[Result "1-0"]
[WhiteElo "2296"]
[BlackElo "2191"]
[Annotator "TA"]
[PlyCount "101"]
[EventDate "2018.11.17"]
[EventType "swiss"]
[EventCountry "SLO"]
[SourceTitle "playchess.com"]
[Source "ChessBase"]
[SourceQuality "1"]

{[%evp 18,101,4,8,40,27,41,40,43,13,38,10,27,6,23,30,40,32,30,19,31,43,39,33,37,21,73,63,70,56,70,73,109,104,99,106,96,95,111,97,156,148,219,218,207,207,214,216,218,227,245,207,202,202,240,206,244,244,267,266,341,287,283,281,285,282,272,281,306,305,302,303,365,364,350,353,451,445,396,293,290,279,433,432,520,468]} 1. d4 Nf6 2. Nf3 g6 3. Bf4 Bg7 4. c3 O-O 5. e3 d6 6. h3 c5 7. Be2 Qb6 8. Qb3 Be6 9. Qxb6 axb6 10. a3 c4 {A48: 1 d4 Nf6 2 Nf3 g6: Torre, London and Colle Systems} (10... Bd5 11. O-O Bc6 12. Nbd2 Nbd7 13. Rfe1 Rfd8 14. Bh2 b5 15. Bf1 e5 16. e4 exd4 17. cxd4 d5 18. e5 {0-1 (54) Morozevich,A (2722)-Grischuk,A (2777) Loo 2014}) 11. Nbd2 d5 12. Ne5 $146 ({Predecessor:} 12. Ng5 Bf5 13. g4 Bc2 14. Rc1 Ba4 15. O-O h6 16. Ngf3 Nbd7 17. Bg3 Bc6 18. Ne5 Nxe5 19. Bxe5 {0-1 (71) Luu,R (1698)-Ingvarsson,K (1819) Reykjavik 2017}) 12... b5 {White is slightly better.} 13. O-O Ne4 14. Rad1 g5 {[#] And now ...Nxd2 would win.} 15. Bh2 f6 16. Nef3 Nd6 17. Rfe1 Nd7 18. Bf1 Bf5 19. g4 $36 {[%mdl 2048] Threatens to win with Bxd6. White has some pressure.} Bc2 20. Rc1 Bg6 21. Bg2 Nb6 (21... Ra6 $11) 22. Bxd6 $16 exd6 23. Nf1 h6 24. Ng3 f5 25. Nxf5 Bxf5 26. gxf5 Rxf5 27. Re2 h5 28. Nh2 Raf8 ({Black should try} 28... Rf7) 29. Nf1 g4 {[#]} (29... h4 $16 30. Nh2 Re8) 30. Ng3 $1 $18 Rg5 {aiming for ...h4.} 31. h4 Rg6 32. Nxh5 Rh6 33. Nf4 Rf5 34. Rce1 ({But not} 34. h5 Rh7) 34... Bf6 35. h5 Bg5 36. Nxd5 Nxd5 37. Bxd5+ Kg7 38. Be4 Rf3 39. Kg2 ({Resist} 39. Bxb7 Rh3 $18) 39... Rh3 40. Bg6 Rh8 41. Rh1 Rxh1 42. Kxh1 {[%mdl 4096] Endgame KRB-KRB} Rf8 43. Kg2 Bh4 44. e4 Kh6 45. e5 dxe5 46. dxe5 {[%cal Bd4e5,Be5e6][%mdl 32]} Rd8 47. e6 Be7 48. Bf7 Rd5 49. f3 {[%cal Bf2f3,Bf3g4][%mdl 32]} Kg5 (49... gxf3+ {keeps fighting.} 50. Kxf3 Rd3+ 51. Ke4 Rg3) 50. fxg4 Rd3 51. Bg6 {Accuracy: White = 76%, Black = 36%.} 1-0

[Event "28th WSCC Open 50 2018"]
[Site "Bled"]
[Date "2018.11.23"]
[Round "6"]
[White "Lagunov, Evgenij"]
[Black "Smolin, Sergey"]
[Result "0-1"]
[WhiteElo "2272"]
[BlackElo "2140"]
[Annotator "TA"]
[PlyCount "80"]
[EventDate "2018.11.17"]
[EventType "swiss"]
[EventCountry "SLO"]
[SourceTitle "playchess.com"]
[Source "ChessBase"]
[SourceQuality "1"]

{[%evp 11,80,15,14,-59,-61,-88,-43,-71,-64,-80,0,0,3,-19,0,0,10,-51,-57,-70,-63,-76,-21,-192,-147,-151,-136,-126,-133,-153,-153,-150,-158,-147,-143,-229,-220,-206,-184,-293,-40,-46,-10,-49,0,0,152,-65,-72,-181,-177,-980,-976,-966,-954,-1688,-1618,-29985,-29986,-29986,-902,-888,-872,-860,-868,-29988,-595,-589,-587,-569,-563]} 1. e4 g6 2. d4 Bg7 3. Nc3 a6 4. f4 d5 (4... b5 5. Nf3 d6 6. Bd3 Nd7 7. e5 c5 8. Be4 Rb8 9. Be3 b4 10. Ne2 Nh6 11. dxc5 Nxc5 12. Bxc5 dxc5 13. Bc6+ Bd7 14. Qd5 Rc8 15. Bxd7+ Qxd7 16. Qxd7+ Kxd7 {1-0 (41) Yu,Y (2760)-Adhiban,B (2655) chess.com INT 2018}) 5. Nxd5 e6 6. Ne3 {B06: Modern Defence} Qxd4 {LiveBook: 12 Games} 7. Qf3 $146 ({Better is} 7. Qxd4 $11 Bxd4 8. Bd3) ({Predecessor:} 7. Qxd4 Bxd4 8. Nf3 Bg7 9. e5 b6 10. Be2 Bb7 11. b3 Nd7 12. Bb2 Ne7 13. O-O-O Nd5 14. Nxd5 Bxd5 15. Rhf1 b5 16. g3 {½-½ (16) Szabo,K (2518)-Wirig,A (2496) Montpellier 2015}) 7... Qb4+ $1 $15 8. Kf2 {Black is slightly better.} Nf6 ({Avoid the trap} 8... Bxb2 $2 9. Rb1 $18) 9. Bd3 Nc6 10. e5 Nd5 (10... Nd7 $17) 11. Nxd5 $11 exd5 12. Ne2 Qb6+ 13. Be3 d4 14. Bc1 (14. Bd2 $11) 14... Be6 $15 15. a3 O-O-O 16. Re1 g5 (16... h5 $17) 17. g3 $2 (17. Qh5 $11 {and White is okay.}) 17... gxf4 18. gxf4 f6 19. exf6 Bxf6 20. Ng3 Bd5 21. Qh5 {Black must now prevent Qf5+.} Ne7 22. b4 {[%cal Bb2b4,Bb4b5][%mdl 32]} Ng6 23. Nf5 (23. b5 $17 axb5 24. Rb1) 23... Kb8 24. Bd2 Qc6 25. a4 (25. Re2 $142) 25... Bc4 $2 (25... Qd7 $19 {Hoping for ...Rhg8.} 26. b5 c5 27. bxa6 c4) 26. b5 Qc5 27. Ng3 Rd5 28. Qf3 {Threatens to win with Ne4.} Bh4 $2 (28... Rdd8 $11) 29. Be4 $2 (29. bxa6 $16 {Rab1 is the strong threat.} Bxa6 30. Bxa6 bxa6 31. Kg1) 29... Rf8 30. Rab1 {[#]} (30. Kg1 $17 Bg5 31. Nh5 (31. Bxd5 Bxd5 32. Ne4 Qxc2 $15)) 30... Ne5 $1 $19 {[%mdl 512]} 31. Qg2 $2 (31. Bb4 Nxf3 32. Bxc5 Rxf4 33. Bxd5 Nxe1+ 34. Kg1 Bxg3 35. Bxc4 Bf2+ 36. Kf1 Bh4+ 37. Kg1) (31. fxe5 Rxf3+) 31... d3+ 32. Be3 Ng4+ 33. Kf3 Nxe3 34. Rxe3 {[#]} Rxf4+ $1 {[%mdl 512]} 35. Kxf4 Bg5+ (35... Qd6+ $142 36. Kf3 Qf6+ 37. Kg4 Rg5+ 38. Kh3 Be6+ 39. Nf5 Bxf5+ 40. Qg4 Bxg4+ 41. Kg2 Bf3+ 42. Kh3 Qe6+ 43. Bf5 Qxf5+ 44. Kxh4 Qg4#) 36. Kg4 Qxe3 37. Qf3 dxc2 38. Bxc2 {[#]} Rd4+ (38... h5+ $142 $1 {[%mdl 512]} 39. Nxh5 Be2 40. Rf1 Rd4+ 41. Kf5 Bxf3 42. Rxf3 Qxf3+ 43. Kg6 Rh4 44. Bd1 Qxd1 45. Nf6 Bxf6 46. bxa6 Qh5+ 47. Kxf6 Rf4+ 48. Kg7 Rf7+ 49. Kg8 Qh7#) 39. Be4 {[#]} Be2 $1 {[%mdl 512]} 40. Qxe2 {[#]} Rxe4+ $1 {[%mdl 512] Precision: White = 33%, Black = 51%.} 0-1

[Event "28th WSCC Open 50 2018"]
[Site "Bled"]
[Date "2018.11.23"]
[Round "6"]
[White "Habibi, Ali"]
[Black "Vareille, Francois"]
[Result "0-1"]
[WhiteElo "2237"]
[BlackElo "2432"]
[Annotator "TA"]
[PlyCount "98"]
[EventDate "2018.11.17"]
[EventType "swiss"]
[EventCountry "SLO"]
[SourceTitle "playchess.com"]
[Source "ChessBase"]
[SourceQuality "1"]

{[%evp 25,98,6,13,-12,-14,-23,-21,-72,-72,-66,-43,-43,-43,-43,-42,-61,-51,-72,-72,-120,-109,-143,-143,-162,-162,-166,-171,-163,-156,-160,-137,-131,-145,-184,-191,-194,-191,-345,-325,-358,-368,-364,-331,-328,-328,-393,-393,-389,-386,-381,-378,-553,-509,-475,-470,-616,-600,-554,-552,-566,-547,-883,-792,-1486,-1464,-1973,-1971,-6874,-5193,-8377,-8738,-6103,-6011,-5114,-5106]} 1. c4 Nf6 2. Nf3 g6 3. b3 Bg7 4. Bb2 O-O 5. e3 d6 6. d4 c5 7. Be2 cxd4 8. Nxd4 Nc6 9. O-O Bd7 10. Nc3 Qa5 11. Qd2 {A35: Symmetrical English: 2 Nc3 Nc6 3 Nf3} (11. Rc1 Rfc8 12. Qd2 a6 13. Rfd1 Rab8 14. a3 Nxd4 15. exd4 Qd8 16. b4 Qf8 17. Qe1 Bh6 18. Ra1 Bf5 {½-½ (67) Riazantsev,A (2649)-Sivuk,V (2545) Cheliabinsk 2018}) 11... Rfc8 12. Rfd1 a6 13. Bf3 Rab8 {LiveBook: 4 Games} 14. Nd5 Qxd2 15. Rxd2 {[#] Hoping for Nxc6.} Nxd5 16. Nxc6 (16. Bxd5 $11 b5 17. cxb5 Nxd4 18. Bxd4 Bxd4 19. Rxd4 Bxb5 20. h3) 16... bxc6 $17 17. cxd5 $146 ({Predecessor:} 17. Bxg7 Kxg7 18. cxd5 c5 {0-1 (37) Wojcieszyn,Z (2100)-Grigorchuk,S (2244) Dadaj 2008}) 17... Bxb2 18. Rxb2 c5 19. Be2 a5 20. Bc4 Rb4 21. a3 Rb6 22. a4 Rcb8 23. f3 Bc8 24. Ra3 Ba6 25. Bxa6 Rxa6 $19 {[%mdl 4096] Endgame KRR-KRR} 26. Rc2 Rb4 27. Kf2 Rab6 28. Rc3 g5 29. g3 Kg7 30. h3 h5 {[%cal Bh7h5,Bh5g4][%mdl 32]} 31. f4 $2 {[#]} (31. e4 {might work better.}) 31... g4 32. hxg4 hxg4 33. Ke2 Kg6 34. Kd3 Kf5 35. Ra2 Rxb3 36. e4+ Kg6 37. Rh2 R6b4 38. Rh4 (38. Rh8 {is a better defense.}) 38... Rxc3+ {Black is clearly winning.} 39. Kxc3 {KR-KR} f5 40. exf5+ Kxf5 41. Rh7 Rxa4 42. Rxe7 Ra3+ 43. Kc4 {Now Rf7+ and White clings on.} Rxg3 44. Kb5 Kxf4 45. Kc6 Rd3 46. Kxd6 c4 47. Rf7+ Ke4 48. Re7+ Kf3 49. Rf7+ Ke2 {Accuracy: White = 27%, Black = 86%.} 0-1

[Event "28th WSCC Open 50 2018"]
[Site "Bled"]
[Date "2018.11.23"]
[Round "6"]
[White "Bergstrom, Rolf"]
[Black "Kalegin, Evgenij"]
[Result "0-1"]
[WhiteElo "2216"]
[BlackElo "2413"]
[Annotator "TA"]
[PlyCount "35"]
[EventDate "2018.11.17"]
[EventType "swiss"]
[EventCountry "SLO"]
[SourceTitle "playchess.com"]
[Source "ChessBase"]
[SourceQuality "1"]

{[%evp 12,35,19,-43,-43,-54,-36,-35,-21,-15,-20,-93,-90,-110,-104,-130,-93,-127,-136,-134,-141,-158,-133,-228,-143,-151]} 1. e4 c5 2. Nf3 e6 3. b3 b6 4. Bd3 Bb7 5. O-O d6 6. Re1 {B40: Sicilian: 2...e6, Unusual lines} Nd7 7. c3 {LiveBook: 4 Games} (7. a4 $11) 7... g5 $1 $15 {[%cal Bg7g5,Bg5g4][%mdl 32] And now ...g4 would win.} 8. Re2 {Black is slightly better.} g4 9. Ne1 Bg7 10. Bc2 Ne7 11. a3 $146 (11. d4 $11) ({Predecessor:} 11. d4 Ng6 {½-½ (26) Yudasin,L (2549)-Milov,V (2633) Israel 1999}) 11... d5 $17 12. d3 Qc7 13. b4 O-O 14. Bg5 Ng6 15. bxc5 {Black is clearly better.} bxc5 16. exd5 Bxd5 17. Qd2 (17. a4 $17) 17... Be5 18. g3 {Accuracy: White = 39%, Black = 59%.} 0-1

[Event "28th WSCC Open 50 2018"]
[Site "Bled"]
[Date "2018.11.23"]
[Round "6"]
[White "Dougherty, Michael"]
[Black "Findlay, Ian T."]
[Result "0-1"]
[WhiteElo "2155"]
[BlackElo "2255"]
[Annotator "TA"]
[PlyCount "70"]
[EventDate "2018.11.17"]
[EventType "swiss"]
[EventCountry "SLO"]
[SourceTitle "playchess.com"]
[Source "ChessBase"]
[SourceQuality "1"]

{[%evp 13,70,12,16,14,17,15,14,-9,0,-2,14,16,18,6,61,71,66,50,67,45,80,62,101,94,93,99,97,104,183,78,227,167,160,95,101,20,52,42,14,34,105,-6,-6,-6,-2,-8,-8,-3,-16,-64,18,-222,-219,-208,-171,-910,-210,-891,-891]} 1. d4 Nf6 2. Nf3 c5 3. c3 e6 4. e3 b6 5. Nbd2 Be7 6. Bd3 Ba6 7. Bxa6 Nxa6 8. O-O {A46: 1 d4 Nf6 2 Nf3 e6: Torre, London and Colle Systems} O-O 9. Qe2 Qc8 (9... Nb8 10. e4 d5 11. e5 Nfd7 12. Rd1 Nc6 13. Nf1 Rb8 14. Ng3 b5 15. Nh5 b4 16. c4 Nb6 17. cxd5 Nxd5 18. dxc5 Qa5 19. Bg5 Qxc5 {0-1 (42) Eybl,A (2277)-Krivoborodov,E (2529) Austria 2016}) 10. a4 {The position is equal.} Qb7 11. e4 cxd4 12. Nxd4 Nc5 $146 {[%cal Rc5e4]} ({Predecessor:} 12... d6 13. Re1 Nc5 {0-1 (56) Schreiber,K (2089)-Rueger,E (2202) Germany 2006}) 13. f3 Rab8 (13... a5 $11) 14. b4 $36 {[%mdl 2048] White is on the roll.} Na6 15. N2b3 Rfc8 16. Bd2 d6 17. Rfc1 d5 {[%cal Rd5e4] [#]} 18. e5 $1 {[%cal Re5f6]} Nd7 19. f4 Nc7 20. Rf1 f5 (20... Bf8 $16 {is a better defense.}) 21. a5 (21. g4 $18 {has better winning chances.}) 21... b5 (21... Nc5 $16) 22. a6 Qa8 23. Ra5 (23. g4 $142) 23... Nb6 $16 24. Nxb5 (24. Rfa1 $16) 24... Nc4 25. Nxc7 Rxc7 26. Raa1 Rb6 (26... Nxd2 $14 27. Qxd2 Rb6) 27. Be3 (27. Be1 $16) 27... Nxe3 $11 28. Qxe3 Qc8 29. Rfc1 Rxa6 30. Rxa6 Qxa6 31. Ra1 Qc4 (31... Qc8 $15 32. Rc1 Bd8) 32. Rxa7 $2 (32. Nd4 $1 $11 {and White has nothing to worry.}) 32... Rxa7 $19 33. Qxa7 Qxc3 {[%cal Rc3e1] [#]} ({Worse is} 33... Qxb3 34. Qxe7 Qd1+ 35. Kf2 $11) 34. h3 $2 (34. g3) 34... Qe1+ ({Not} 34... Qxb3 35. Qxe7 Qe3+ 36. Kh2 $11) 35. Kh2 Bh4 {Accuracy: White = 34%, Black = 38%.} 0-1

[Event "28th WSCC Open 50 2018"]
[Site "Bled"]
[Date "2018.11.23"]
[Round "6"]
[White "Farrell, Neil"]
[Black "Van der Werf, Mark"]
[Result "0-1"]
[WhiteElo "2117"]
[BlackElo "2402"]
[Annotator "TA"]
[PlyCount "36"]
[EventDate "2018.11.17"]
[EventType "swiss"]
[EventCountry "SLO"]
[SourceTitle "playchess.com"]
[Source "ChessBase"]
[SourceQuality "1"]

{[%evp 19,36,21,24,-9,-14,-97,-105,-131,-147,-155,-153,-163,-147,-325,-321,-354,-379,-373,-366]} 1. d4 Nf6 2. c4 e6 3. g3 c5 4. d5 exd5 5. cxd5 d6 6. Nc3 g6 7. Bg2 Bg7 8. Nf3 O-O 9. O-O Re8 10. Bf4 Bf5 {LiveBook: 67 Games. A62: Modern Benoni: Fianchetto Variation without early ...Nbd7} 11. Ne1 $146 ({Predecessor:} 11. Bg5 h6 12. Bxf6 Bxf6 13. Nd2 Bc8 14. Nc4 Bxc3 15. bxc3 b5 16. Nd2 Nd7 17. Re1 a5 18. Qc2 {½-½ (29) Tomashevsky,E (2702)-Svidler,P (2763) Palma de Mallorca 2017}) 11... Qb6 12. e4 (12. Qd2 $11 {keeps the balance.}) 12... Bxe4 $17 {Black is better.} ({Not} 12... Nxe4 13. Nxe4 Bxe4 14. Qa4 $16) 13. Bxe4 Nxe4 14. Qa4 Nf6 15. Ng2 Na6 16. Rfe1 $2 {[#]} (16. Rab1 $17) 16... Qxb2 $19 17. Rac1 Rxe1+ 18. Nxe1 Nb4 0-1